Eski ve yeni fotoğraflarla Kars = (Record no. 16539)

000 -LEADER
fixed length control field 01030nmm a2200289 a 4500
001 - CONTROL NUMBER
control field ocm0001732517
003 - CONTROL NUMBER IDENTIFIER
control field TR-IsHL
005 - DATE AND TIME OF LATEST TRANSACTION
control field 20201028170933.0
008 - FIXED-LENGTH DATA ELEMENTS--GENERAL INFORMATION
fixed length control field 180222s2010 tu tur
007 - PHYSICAL DESCRIPTION FIXED FIELD--GENERAL INFORMATION
fixed length control field cr cn
020 ## - INTERNATIONAL STANDARD BOOK NUMBER
International Standard Book Number 9786058845510
035 ## - SYSTEM CONTROL NUMBER
System control number 1732517
-- (N$T)
050 04 - LIBRARY OF CONGRESS CALL NUMBER
Classification number DS51.K19
Item number A43 2010
090 04 - LOCALLY ASSIGNED LC-TYPE CALL NUMBER (OCLC); LOCAL CALL NUMBER (RLIN)
Classification number (OCLC) (R) ; Classification number, CALL (RLIN) (NR) DS51.K19
Local cutter number (OCLC) ; Book number/undivided call number, CALL (RLIN) A43 2010
100 1# - MAIN ENTRY--PERSONAL NAME
Personal name Akçayöz, Vedat
245 10 - TITLE STATEMENT
Title Eski ve yeni fotoğraflarla Kars =
Remainder of title Kars with old and new pictures
Medium [electronic resource] /
Statement of responsibility, etc. Vedat Akçayöz ; Yıldırım Öztürkkan ; İngilizce redaksiyon Kadir Akyüz
260 ## - PUBLICATION, DISTRIBUTION, ETC.
Place of publication, distribution, etc. Kars :
Name of publisher, distributor, etc. Kars Kültür Sanat Derneği,
Date of publication, distribution, etc. 2010
300 ## - PHYSICAL DESCRIPTION
Extent 256 p.
650 #4 - SUBJECT ADDED ENTRY--TOPICAL TERM
Topical term or geographic name entry element Tarih
650 #4 - SUBJECT ADDED ENTRY--TOPICAL TERM
Topical term or geographic name entry element History
650 #0 - SUBJECT ADDED ENTRY--TOPICAL TERM
Topical term or geographic name entry element Kars İli (Türkiye)
General subdivision Tarih
650 #0 - SUBJECT ADDED ENTRY--TOPICAL TERM
Topical term or geographic name entry element Kars İli (Turkey)
General subdivision History
650 #7 - SUBJECT ADDED ENTRY--TOPICAL TERM
Topical term or geographic name entry element HISTORY / Middle East / Turkey & Ottoman Empire
Source of heading or term bisacsh
700 1# - ADDED ENTRY--PERSONAL NAME
Personal name Öztürkkan, Yıldırım
700 1# - ADDED ENTRY--PERSONAL NAME
Personal name Akyüz, Kadir
856 40 - ELECTRONIC LOCATION AND ACCESS
Uniform Resource Identifier <a href="http://search.ebscohost.com/login.aspx?direct=true&scope=site&db=e011xww&AN=1732517">http://search.ebscohost.com/login.aspx?direct=true&scope=site&db=e011xww&AN=1732517</a>

No items available.

Devinim Yazılım Eğitim Danışmanlık tarafından Koha'nın orjinal sürümü uyarlanarak geliştirilip kurulmuştur.